• 首页
  • 本馆介绍
  • 公告通知
  • 最新文献
  • 馆藏检索
  • 电子资源
  • 读者导购
  • 参考咨询
  • 我的图书馆
  • 登录
  • 详细信息显示
  • 放入我的书架
  • 预约/预借图书
  • 作者相关作品
  • 分类相关作品
  • 丛书相关作品
  • 出版社相关作品

书目信息

  • 表格格式
  • 工作单格式
  • 卡片格式
题名:
汉语和汉语研究十五讲
    
 
作者: 陆俭明 , 沈阳 著
分册:  
出版信息: 北京   北京大学出版社  2004
页数: 498页
开本: 21cm
丛书名: 名家通识讲座书系
单 册:
中图分类: H1 , H14
科图分类:
主题词: 汉语--研究 , 汉语--语法--研究 , 汉语 , 语法
电子资源:
ISBN: 7-301-06106-4
000 00951oam2 2200325 450
001 002700530
005 20091208155550.42
010    @a7-301-06106-4@dCNY38.00
100    @a20040802d2004 em y0chiy0110 ea
101 0  @achi
102    @aCN@b110000
105    @ay z 000yy
106    @ar
200 1  @a汉语和汉语研究十五讲@9han yu he han yu yan jiu shi wu jiang@f陆俭明,沈阳著
205    @a2版
210    @a北京@c北京大学出版社@d2004
215    @a498页@d21cm
225 2  @a名家通识讲座书系
330    @a本书十五讲,讨论了语法研究的语言应用中的重要理论和方法,几乎涉及所有前沿的研究方向和热点的研究课题。
461  0 @12001 @a名家通识讲座书系
606 0  @a汉语@x研究
606 0  @a汉语@x语法@x研究
606 0  @a汉语
606 0  @a语法
690    @aH1@v4
690    @aH14@v4
701  0 @a陆俭明@9lu jian ming@f(1935.11~)@4著
701  0 @a沈阳@9shen yang@4著
801  0 @aCN@bNLC@c20091208
905    @b20794955-59@dH1@e154=2@f5
    
    汉语和汉语研究十五讲/陆俭明,沈阳著.-2版.-北京:北京大学出版社,2004
    498页;21cm.-(名家通识讲座书系)
    
    
    ISBN 7-301-06106-4:CNY38.00
    本书十五讲,讨论了语法研究的语言应用中的重要理论和方法,几乎涉及所有前沿的研究方向和热点的研究课题。
●
相关链接 在E读中查询图书 在五车中查询图书 在当当中查询图书 在豆瓣中查询图书


正题名:汉语和汉语研究十五讲     索取号:H1/154=2         预约/预借

序号 登录号 条形码 馆藏地/架位号 状态 备注
1 794955   207949559   第二样本阅览室/ [索取号:H1/154=2] 在馆    
2 794956   207949568   第四借阅区/ [索取号:H1/154=2] 在馆    
3 794957   207949577   第四借阅区/ [索取号:H1/154=2] 在馆    
4 794958   207949586   第四借阅区/ [索取号:H1/154=2] 在馆    
5 794959   207949595   密集书库-文学院/ [索取号:H1/154=2] 在馆    
唐山师范学院图书馆 欢迎您!
大连网信软件有限公司© 版权所有